000 00697cam a22002291 4500
001 sa 67002830
003 DLC
005 20260227112333.0
008 891013s1963 ii b 000 0 gujo
010 _asa 67002830
035 _a(OCoLC)20488246
040 _aDLC
_cWaU
_dDLC
042 _apremarc
050 0 0 _aB133.H38
_bK3
100 1 _aKapadia, Hiralal Rasikdas.
245 1 0 _aŚri Haribhadrasūri.
260 _c[1963]
300 _a27, 376 p.
_c19 cm.
500 _aIn Gujarati; quotations from the works of Haribhadra Sūri in Sanskrit.
504 _aBibliographical references included in "saṅketonī samajaṇa"; p. [10]-12 (1st group)
600 0 0 _aHaribhadrasūri,
_d700-770.
999 _c73458
_d73458